000 00656nam a22001817a 4500
003 UA-OsUOA
001 13664
007 ta
008 20030616b un ||||| |||| 00| 0 ukr d
100 _aСвинарський В.
942 _cSA
040 _aUA-OsUOA
_cUA-OsUOA
_dUA-OsUOA
245 _aЦя чарівна і конче потрібна "Марічка": [Бесіда з головою фермер. госп-ва "Марічка" В.Свинарським]
300 _aС.1
955 _a0
773 0 _w0
_tВічеве слово
_dКостопіль
_d2003
_g№18/1 трав./
650 7 _aКраєзнавча робота
_2UDC
999 _c299825
_d299825